Score 0/24 Timer 03:00
1 Play Today
Hint Answer % Correct
Keira KnightleyPride
98.3%
Bill NighyGuide
96.3%
Hugh GrantBridget
94.9%
Hugh GrantWeddings
94.1%
Keira KnightleyBeckham
93.6%
Bill NighyCaribbean
93.5%
Bill NighyDead
92.1%
Emma ThompsonPrisoner
88.3%
Hugh GrantNotting
86.2%
Emma ThompsonStranger
78.1%
Chiwetel EjioforSlave
75.7%
Emma ThompsonMcPhee
75.4%
Hint Answer % Correct
Bill NighyHot
74.9%
Laura LinneyRiver
69.3%
Keira KnightleyMe
68.8%
Chiwetel EjioforAmerican
68.1%
Keira KnightleyKarenina
63%
Laura LinneyPark
54.9%
Hugh GrantAtlas
51.9%
Emma ThompsonChance
47.2%
Chiwetel EjioforChildren
43.4%
Laura LinneyExorcism
43%
Laura LinneyWhale
30%
Chiwetel EjioforThings
27.4%

Today's Daily Dose

Remove Ads.
Support Sporcle.
Get the best of Sporcle when you Go Orange. This ad-free experience offers more features, more stats, and more fun while also helping to support Sporcle. Thank you for becoming a member.

You're not logged in!

Compare scores with friends on all Sporcle quizzes.
OR
Log In

Show Comments

Extras

Top Quizzes Today


Score Distribution

Your Account Isn't Verified!

In order to create a playlist on Sporcle, you need to verify the email address you used during registration. Go to your Sporcle Settings to finish the process.

Report this User

Report this user for behavior that violates our Community Guidelines.

Details: